000 00358nam a2200133Ia 4500
008 151001s9999||||xx |||||||||||||| ||und||
100 _aहरी नारायण आपटे
245 _aकालकूट
250 _a1
260 _bशितल मेहता कोल्हापूर
260 _c2013
300 _a224
365 _b18
999 _c1001960
_d1001957